000 01071nam a22003257a 4500
003 CHAP
005 20220329134735.0
008 971013s1980 r 00010 d
010 _a25081
011 _a26053
035 _a30153
040 _cCHAP
082 _a631.43
_bH33
100 0 0 _aHanks, Ronald John.
_952533
245 _aApplied soil physics; soil water and temperature applications
260 _aNew York :
_bSpringer-Verlag,
_c1980
300 _a159 p.
_b: ilus. ; gráfs.
490 _aAdvanced series in agricultural sciences
_v; 8
590 _aBATCH-UPD
_b10
_c20130110
_lUCH01
_h1526
590 _aBATCH-UPD
_b10
_c20130410
_lUCH01
_h0935
590 _aBATCH-UPD
_b10
_c20130914
_lUCH01
_h0437
590 _aCONVERSION
_b10
_c20130109
_lUCH01
_h1315
650 1 4 _aSuelos
_xFísica de.
_9110373
650 1 4 _aSuelos
_xHumedad.
_9110391
700 0 _aAshdroft, Gaylen L.
_97919
830 0 _aAdvanced series in agricultural sciences
_v; 8
_9977
901 _aBK
942 _cLIBRO
949 _a631.43 H33
_bBC
_cLIBRO
_d33724000069506
_eLIBRO
_h49276
_i30153
_si
999 _c25081
_d25081